Grafická analýza chvostov rozdelení pomocou QQ-grafu
Funkcie rizika a jeho miery: funkcia prežitia, funkcia intenzity rizika, funkcia strednej nadmernej straty. Význam QQ-grafov. Využitie QQ-grafu pri analýze chvostov.
Na minha lista:
| Autor principal: | |
|---|---|
| Formato: | Capítulo de Livro |
| Idioma: | eslovaco |
| Assuntos: | |
| Tags: |
Sem tags, seja o primeiro a adicionar uma tag!
|
MARC
| LEADER | 00000nla a2200000 4500 | ||
|---|---|---|---|
| 001 | 0246763 | ||
| 005 | 20240502073946.9 | ||
| 041 | 0 | |a slo | |
| 044 | |a SK | ||
| 245 | 1 | 0 | |a Grafická analýza chvostov rozdelení pomocou QQ-grafu |c Michal Páleš |
| 520 | |a Funkcie rizika a jeho miery: funkcia prežitia, funkcia intenzity rizika, funkcia strednej nadmernej straty. Význam QQ-grafov. Využitie QQ-grafu pri analýze chvostov. | ||
| 610 | 2 | 0 | |a poisťovníctvo |
| 610 | 2 | 0 | |a poistenie |
| 610 | 2 | 0 | |a riziko poistné |
| 610 | 2 | 0 | |a matematika poistná |
| 610 | 2 | 0 | |a analýzy |
| 610 | 2 | 0 | |a grafy |
| 610 | 2 | 0 | |a simulácia stochastická |
| 100 | 1 | |a Páleš, Michal, 1984- | |